000 00877nam a2200229Ia 4500
003 GCL
005 20240530110206.0
008 140319s9999 xx 000 0 ara d
040 _aGCL /
_cGCL
082 0 4 _221
_a920.71\
_bع ب
100 1 _aابن عميرة الضبى : ابو جعفر احمد بن يحيى بن احمد
245 1 0 _aبغية الملتمس فى تاريخ رجال اهل الاندلس /
_cابن عميرة الضبى : ابو جعفر احمد بن يحيى بن احمد
260 _a[S.N] :
_bدار الكتاب المصرى ،
_c1989
300 _aمتعدد الترقيم
490 _aشكاوى المصرى الفصيح
_v0
650 0 4 _aالاندلس
650 0 4 _aالتراجم
650 0 4 _aالعرب فى اسبانيا
650 0 4 _aالمرابطون
650 0 4 _aالحضارة الاسلامية
942 _2ddc
_cREF
999 _c59302
_d59302